000 00841nam a2200253 a 4500
001 BRCA_2936
005 20190320204032.0
008 151208s1943----mx-a---###---#000-0#spa-#
050 4 _aQB43
_b.M39 1943
100 1 _aMaza, Francisco de la
_d1913-1972
_9278
245 1 0 _aEnrico Martinez
_bcosmografo e impresor de la Nueva España
_cFrancisco de la Maza; prologo Federico Gomez de Orozco.
260 _aMéxico
_bSociedad Méxicana de Geografía y Estadística
_c1943
300 _a174 p.
_bil.
_c21 cm.
500 _aIncluye apéndices
500 _aEjemplar numerado 236 de 500
500 _aB74
504 _aBibliografía : p. 165-169
600 1 4 _aMartinez, Enrico
_d1555-1632
_98164
650 1 4 _aAstronomos
_98165
650 1 4 _aImprenta
_zMéxico
_98166
650 1 4 _aImpresores
_zMéxico
_98167
902 _aGFM
942 _2lcc
_cB
999 _c2675
_d2675